PORTFOLIO MANAGEMENT (Record no. 9018)
[ view plain ]
| 000 -LEADER | |
|---|---|
| fixed length control field | 00402nam a2200181 4500 |
| 005 - DATE AND TIME OF LATEST TRANSACTION | |
| control field | 20260313131731.0 |
| 008 - FIXED-LENGTH DATA ELEMENTS--GENERAL INFORMATION | |
| fixed length control field | CUC123 |
| 020 ## - INTERNATIONAL STANDARD BOOK NUMBER | |
| International Standard Book Number | 9780074620960 |
| 050 ## - LIBRARY OF CONGRESS CALL NUMBER | |
| Classification number | HG 4529.5 BAR |
| Item number | 1 |
| 100 ## - MAIN ENTRY--PERSONAL NAME | |
| Personal name | BARUA, K. SAMIR |
| 245 ## - TITLE STATEMENT | |
| Title | PORTFOLIO MANAGEMENT |
| 250 ## - EDITION STATEMENT | |
| Edition statement | 1st |
| 260 ## - PUBLICATION, DISTRIBUTION, ETC. | |
| Place of publication, distribution, etc. | NEW DELHI |
| Name of publisher, distributor, etc. | TATA |
| Date of publication, distribution, etc. | 2007 |
| 300 ## - PHYSICAL DESCRIPTION | |
| Extent | xvi,258p |
| 700 ## - ADDED ENTRY--PERSONAL NAME | |
| Personal name | VARMA J. R |
| 700 ## - ADDED ENTRY--PERSONAL NAME | |
| Personal name | RAGHUNATHAN, V. |
| 942 ## - ADDED ENTRY ELEMENTS (KOHA) | |
| Source of classification or shelving scheme | Library of Congress Classification |
| Koha item type | Books |
| Suppress in OPAC | No |
| 999 ## - | |
| -- | 9018 |
| -- | 9018 |
| Withdrawn status | Lost status | Source of classification or shelving scheme | Damaged status | Not for loan | Collection | Home library | Current library | Shelving location | Date acquired | Total checkouts | Full call number | Barcode | Date last seen | Copy number | Price effective from | Koha item type |
|---|---|---|---|---|---|---|---|---|---|---|---|---|---|---|---|---|
| Dewey Decimal Classification | Non-fiction | Graduate Library (Christ Temple) | Graduate Library (Christ Temple) | General stacks | 03/13/2026 | HG 4529.5 BAR | GSCT00003236 | 03/13/2026 | 1 | 03/13/2026 | Books | |||||
| Dewey Decimal Classification | Non-fiction | Graduate Library (Christ Temple) | Graduate Library (Christ Temple) | General stacks | 03/13/2026 | HG 4529.5 BAR | GSCT00003237 | 03/13/2026 | 2 | 03/13/2026 | Books | |||||
| Dewey Decimal Classification | Non-fiction | Graduate Library (Christ Temple) | Graduate Library (Christ Temple) | General stacks | 03/13/2026 | HG 4529.5 BAR | GSCT00003238 | 03/13/2026 | 3 | 03/13/2026 | Books |